000 00831caa a22002417a 4500
999 _c410674
_d410674
001 123543
003 UA-OsUOA
005 20191217191413.0
007 ta
008 20170622b un ||||| |||| 00| 0 ukr d
040 _aUA-OsUOA
_bukr
_cUA-OsUOA
_dUA-OsUOA
041 _aukr
080 _a908
090 _a908
_bР36
100 _aРекрут В.
245 _aОстрозький період життя та діяльності Дмитра Марковича
_cВ. Рекрут
300 _aС. 216–219
650 7 _a908 Краєзнавство
_2UDC
773 0 _0399319
_9416567
_dОстрог НаУОА 2015
_o148882
_tОстрозький краєзнавчий збірник
_w(UA-OsUOA) 113462
942 _cBKA
_2udc
955 _a1